FIVE MINDS FOR THE FUTURE / (Record no. 174787)
[ view plain ]
| 000 -LEADER | |
|---|---|
| fixed length control field | 01520nam a2200421 i 4500 |
| 001 - CONTROL NUMBER | |
| control field | vtls000568843 |
| 003 - CONTROL NUMBER IDENTIFIER | |
| control field | PNM |
| 005 - DATE AND TIME OF LATEST TRANSACTION | |
| control field | 20191105104513.0 |
| 008 - FIXED-LENGTH DATA ELEMENTS--GENERAL INFORMATION | |
| fixed length control field | 090505t20062006mau e 001 0 eng d |
| 020 ## - INTERNATIONAL STANDARD BOOK NUMBER | |
| International Standard Book Number | 9781422145357 |
| Qualifying information | paperback |
| 039 #9 - LEVEL OF BIBLIOGRAPHIC CONTROL AND CODING DETAIL [OBSOLETE] | |
| Level of rules in bibliographic description | 201610311212 |
| Level of effort used to assign nonsubject heading access points | sulina |
| Level of effort used to assign subject headings | 201610241548 |
| Level of effort used to assign classification | hazwani |
| Level of effort used to assign subject headings | 201005271657 |
| Level of effort used to assign classification | suzila |
| Level of effort used to assign subject headings | 201002221123 |
| Level of effort used to assign classification | farhana1 |
| 040 ## - CATALOGING SOURCE | |
| Original cataloging agency | PNM |
| Transcribing agency | PNM |
| Language of cataloging | eng |
| Modifying agency | PPAK |
| Description conventions | rda |
| 082 04 - DEWEY DECIMAL CLASSIFICATION NUMBER | |
| Classification number | 001 |
| Edition number | 23 |
| 090 00 - LOCALLY ASSIGNED LC-TYPE CALL NUMBER (OCLC); LOCAL CALL NUMBER (RLIN) | |
| Classification number (OCLC) (R) ; Classification number, CALL (RLIN) (NR) | 001 |
| Feature heading | GAR |
| Feature heading | G |
| 100 1# - MAIN ENTRY--PERSONAL NAME | |
| Personal name | Gardner, Howard, |
| Dates associated with a name | 1943- |
| Relator term | author. |
| 245 10 - TITLE STATEMENT | |
| Title | FIVE MINDS FOR THE FUTURE / |
| Statement of responsibility, etc. | Howard Gardner |
| 264 #1 - PRODUCTION, PUBLICATION, DISTRIBUTION, MANUFACTURE, AND COPYRIGHT NOTICE | |
| Place of production, publication, distribution, manufacture | Boston, Mass. : |
| Name of producer, publisher, distributor, manufacturer | Harvard Business School, |
| Date of production, publication, distribution, manufacture, or copyright notice | 2008 |
| Date of production, publication, distribution, manufacture, or copyright notice | ©2008 |
| 300 ## - PHYSICAL DESCRIPTION | |
| Extent | xxii, 196 pages : |
| Dimensions | 21 cm |
| 336 ## - CONTENT TYPE | |
| Source | rdacontent |
| Content type term | text |
| 337 ## - MEDIA TYPE | |
| Source | rdamedia |
| Media type term | unmediated |
| 338 ## - CARRIER TYPE | |
| Source | rdacarrier |
| Carrier type term | volume |
| 490 1# - SERIES STATEMENT | |
| Series statement | LEADERSHIP FOR THE COMMON GOOD |
| 500 ## - GENERAL NOTE | |
| General note | Includes index |
| 504 ## - BIBLIOGRAPHY, ETC. NOTE | |
| Bibliography, etc. note | Includes bibliographical references |
| 505 ## - FORMATTED CONTENTS NOTE | |
| Title | Minds viewed globally: a personal introduction -- |
| -- | The disciplined mind-- |
| -- | The synthesizing mind-- |
| -- | The creating mind-- |
| -- | The creating mind-- |
| -- | The respectful mind -- |
| -- | The ethical mind |
| -- | Conclusion: toward the cultivation of the five minds. |
| 650 10 - SUBJECT ADDED ENTRY--TOPICAL TERM | |
| Topical term or geographic name entry element | Multiple intelligences |
| Topical term or geographic name entry element | Social intelligence |
| Topical term or geographic name entry element | Success |
| Topical term or geographic name entry element | Thought and thinking |
| 830 #0 - SERIES ADDED ENTRY--UNIFORM TITLE | |
| Uniform title | Leadership for the common good |
| 942 ## - ADDED ENTRY ELEMENTS (KOHA) | |
| Source of classification or shelving scheme | Dewey Decimal Classification |
| Koha item type | Book |
| 949 ## - LOCAL PROCESSING INFORMATION (OCLC) | |
| 6 | 1001069924 |
| 6 | 1001069923 |
| 6 | 1000598582 |
| 6 | 3000018337 |
| e | 1698882 |
| 6 | 3000030625 |
| a | 001 GAR R |
| e | 2360688 |
| Withdrawn | Not for loan | Current library | Shelving location | Date acquired | Full call number | Barcode | Date last seen | Koha item type | Total Checkouts | Date last checked out | Total Renewals |
|---|---|---|---|---|---|---|---|---|---|---|---|
| Perpustakaan Alor Setar | Pinjaman Dewasa | 18/11/2019 | 001 GAR | A00738554 | 18/11/2019 | Book | |||||
| Perpustakaan Awam Sungai Petani | Pinjaman Dewasa | 18/11/2019 | 001 GAR | A00738555 | 25/10/2020 | Book | 1 | 05/10/2020 | |||
| Perpustakaan Baling | Pinjaman Dewasa | 18/11/2019 | 001 GAR | A00738559 | 19/06/2024 | Book | 1 | 28/05/2024 | |||
| Perpustakaan Jitra | Pinjaman Dewasa | 18/11/2019 | 001 GAR | A00738556 | 05/05/2025 | Book | 2 | 19/04/2025 | 1 | ||
| Perpustakaan Kulim | Pinjaman Dewasa | 18/11/2019 | 001 GAR | A00738558 | 18/11/2019 | Book | |||||
| Perpustakaan Langkawi | Pinjaman Dewasa | 18/11/2019 | 001 GAR | A00738557 | 18/11/2019 | Book |